Tawhid-I-Ahl-I-Tawhid (Record no. 1061)

MARC details
000 -LEADER
fixed length control field 00603nam a2200241 a 4500
020 ## - INTERNATIONAL STANDARD BOOK NUMBER
ISBN
082 00 - DEWEY DECIMAL CLASSIFICATION NUMBER
Classification number 297.82
Author Cutter SHE
100 ## - MAIN ENTRY--AUTHOR NAME
Author name Shehrastani, Syed Habtud-Din
245 ## - TITLE STATEMENT
Title Tawhid-I-Ahl-I-Tawhid
260 ## - PUBLICATION, DISTRIBUTION, ETC. (IMPRINT)
Place of publication Iran
Name of publisher Matba Sepehr
Year of publication 1314
300 ## - PHYSICAL DESCRIPTION
Number of Pages 46p.
500 ## - GENERAL NOTE
General note includes index and biblioraphy
505 2# - FORMATTED CONTENTS NOTE
Formatted contents note Plus Some Other Tracts
650 ## - SUBJECT ADDED ENTRY--TOPICAL TERM
Topical Term Shiah-Doctrines
942 ## - ADDED ENTRY ELEMENTS (KOHA)
Koha item type Books
700 1# -
-- Shehrastani, Syed Habtud-Din
Holdings
Collection code Home library Current library Date acquired Cost, normal purchase price Full call number Accession Number Koha item type
  Henry Martyn Institute Library Henry Martyn Institute Library 06/28/2007 100.00 297.82 SHE 04171 Books
                   Copyright © 2026 | Henry Martyn Institute | Hyderabad | TS-500052 | INDIA | Implemented by hmi.edu.in
Hit-Count:

Powered by Koha